human resource management at work (Record no. 2667)
[ view plain ]
| 000 -LEADER | |
|---|---|
| fixed length control field | 00764nam a2200241 a 4500 |
| 001 - CONTROL NUMBER | |
| control field | 2632787 |
| 003 - CONTROL NUMBER IDENTIFIER | |
| control field | 20160317082416.0 |
| 005 - DATE AND TIME OF LATEST TRANSACTION | |
| control field | 20240606080859.0 |
| 008 - FIXED-LENGTH DATA ELEMENTS--GENERAL INFORMATION | |
| fixed length control field | 990315s1998 ctu 000 0 eng |
| 020 ## - INTERNATIONAL STANDARD BOOK NUMBER | |
| International Standard Book Number | 9781843982678 |
| 040 ## - CATALOGING SOURCE | |
| Original cataloging agency | DLC |
| Transcribing agency | DLC |
| 050 00 - LIBRARY OF CONGRESS CALL NUMBER | |
| Classification number | HF5549 |
| Item number | .M376 2012 C1 |
| 100 ## - MAIN ENTRY--PERSONAL NAME | |
| Personal name | Marchington Mick & Wilkinson Adrian |
| 245 00 - TITLE STATEMENT | |
| Title | human resource management at work |
| 246 30 - VARYING FORM OF TITLE | |
| Title proper/short title | Human resource management |
| 260 ## - PUBLICATION, DISTRIBUTION, ETC. | |
| Place of publication, distribution, etc. | London : |
| Name of publisher, distributor, etc. | cipd, |
| Date of publication, distribution, etc. | c2012. |
| 300 ## - PHYSICAL DESCRIPTION | |
| Extent | 1 v. (various pagings) ; |
| Dimensions | 25 cm. |
| 630 ## - SUBJECT ADDED ENTRY--UNIFORM TITLE | |
| Uniform title | human resource management |
| 650 #0 - SUBJECT ADDED ENTRY--TOPICAL TERM | |
| Topical term or geographic name entry element | Personnel management. |
| 906 ## - LOCAL DATA ELEMENT F, LDF (RLIN) | |
| a | 7 |
| b | cbc |
| c | orignew |
| d | 2 |
| e | ncip |
| f | 19 |
| g | y-gencatlg |
| 942 ## - ADDED ENTRY ELEMENTS (KOHA) | |
| Source of classification or shelving scheme | Library of Congress Classification |
| Koha item type | Books |
| Withdrawn status | Lost status | Source of classification or shelving scheme | Damaged status | Not for loan | Home library | Current library | Shelving location | Date acquired | Total checkouts | Total renewals | Full call number | Barcode | Date last seen | Date last checked out | Price effective from | Koha item type |
|---|---|---|---|---|---|---|---|---|---|---|---|---|---|---|---|---|
| Library of Congress Classification | Murang'a University of Technology Library | Murang'a University of Technology Library | General stacks | 17/03/2016 | 7 | 4 | HF 5549 .M376 2012 | 000300 | 30/08/2024 | 18/03/2020 | 17/03/2016 | Books |